| 000 | 00719cab a2200229 4500 | ||
|---|---|---|---|
| 001 | WB2924-47 | ||
| 008 | 090401t1993 xxu||||| |||| 00| 0 eng d | ||
| 035 | _a(Sirsi) u59145 | ||
| 041 | _aeng | ||
| 245 | _aSeek jobs in Europe | ||
| 260 | _c1993 | ||
| 350 | _a0 | ||
| 490 |
_aEstates Times _v(1194) 18 June 1993, 5(1) |
||
| 520 | _aThe RICS president elect, Clive Lewis, has advised chartered surveyor graduates to seek work in Europe because of diminishing opportunities in the UK. | ||
| 650 | _aABOUT RICS-RICS MEMBERS | ||
| 650 | _aEMPLOYMENT | ||
| 650 | _aEUROPE | ||
| 650 | _aWORK OPPORTUNITIES | ||
| 690 | _aMANAGEMENT-BUSINESS MANAGEMENT-PROFESSIONAL PRACTICE | ||
| 942 | _n0 | ||
| 948 | _c04/03/1997 | ||
| 999 |
_c36244 _d36244 |
||